000 00419nam a2200157Ia 4500
008 240729s9999 xx 000 0 und d
022 _a2415-0487
245 0 _aActa Structilia
260 _aSouth Africa
260 _bUniversity of the Free State
650 _a Building construction
650 _aTechnology
856 _uhttps://doaj.org/toc/230592a540134d19b975354d18f4d2c5
942 _2ddc
942 _cDOAJEJ
999 _c70852
_d70852
945 _a1
_bMadushi Gamage
_c1
_dMadushi Gamage